Представление документа в формате RUSMARC

ПолеНазваниеЗначение
  Тип записи a
  Библиографический уровень m
001 Контрольный номер RU/SLIB/B/208768813
005 Дата корректировки 20201206204252.7
010 Индекс ISBN __
a ISBN 5-8183-0633-Х
d Цена 90-00
101 Язык документа 0_
a Язык текста rus
200 Заглавие и сведения об ответственности 1_
a Заглавие Перспективные технологии информационно-библиографического сервиса библиотек ЦБС "Кунцево"
e Сведения, относящиеся к заглавию опыт организации и применения
f Первые сведения об ответственности В. Г. Шелудько ; Ценр. б-ка № 193 им. А. Ахматовой ЦБС "Кунцево"
b Общее обозначение материала Текст
210 Выходные данные __
a Место издания М.
c Издательство ФАИР-ПРЕСС
d Дата издания 2003
215 Физическое описание __
a Объем 65 с.
330 Аннотация __
a Аннотация Представлен опыт информационно-библиографической деятельности библиотек ЦБС "Кунцево".
601 Наименование организации как предмет __
a Наименование организации как предмет ЦБС "Кунцево"
606 Тематические рубрики __
a Основная рубрика Библиотечное дело
y Географическая подрубрика Россия; РФ; Российская Федерация; Москва
606 Тематические рубрики __
a Основная рубрика Библиотечное обслуживание читателей
610 Ключевые слова __
a Ключевые слова информационно-библиографическая работа; библиографическая деятельность; ЦБС; библиотеки; информационно-библиографические отделы; информирование; краеведческая работа
686 Индексы других классификаций __
a Классификационный индекс 78.376.2 ; В78.3
700 Автор _1
a Фамилия Шелудько
b Имя В. Г.
4 Код отношения 070
801 Источник записи _0
a Страна RU
b Организация Муниципальное бюджетное учреждение культуры "Централизованная библиотечная система" г. Сургут (Центральная городская библиотека им. А. С. Пушкина)
g Правила каталогизации КиК/Котельникова
801 Источник записи _1
a Страна RU
b Организация Муниципальное бюджетное учреждение культуры "Централизованная библиотечная система" г. Сургут (Центральная городская библиотека им. А. С. Пушкина)
g Правила каталогизации КиК/Котельникова
852 Данные о местонахождении __
j Шифр хранения 78.376.2
i Авторский знак Ш 44
p Инвентарный номер Б/Н
901 Тип документа __
t Тип документа m
903 Характеристики (МАРС) __
a Дата передачи 20040910
990 Данные о заказе (DOS) __
j Количество экземпляров (DOS) 3
h N записи в КСУ для Б/У (DOS) 200409